| 000 | 00575cam a22001577a 4500 | ||
|---|---|---|---|
| 008 | 180718b1983 xxu||||| |||| 00| 0 eng d | ||
| 082 | _aAPPPA 82-83 SIN | ||
| 100 | _aSingaravel, T. | ||
| 245 |
_aNon-penal methods of dealing with crime: a case study of state mini lottery as a measure of curring matka gambling in Maharashtra _cby T. Singaravel |
||
| 260 |
_aNew Delhi _bIndian Institute of Public Administration _c1983 |
||
| 300 | _a121p. | ||
| 650 | _aCurring matka gambling-Maharashtra | ||
| 650 | _aState mini lottery | ||
| 650 | _aCrime | ||
| 650 | _aNon-penal methods | ||
| 999 |
_c501267 _d501267 |
||